Čo sa môže skrývať za bolesťami brucha?

Bibliographic Details
Main Authors: Gombošová, Katarína, 1979- (Author), Stanková, S. (Author), Kaletová, V. (Author), Dologová, M. (Author), Danková, E. (Author), Bálintová, E. (Author), Kuchta, Milan, 1956- (Author)
Corporate Author: Slovenský pediatrický kongres (Author)
Format: Conference Proceeding Article
Language:English
Slovak
ISSN:0069-2328
Subjects:

MARC

LEADER 00000nab a2200000 a 4500
001 vtls008875015
003 SK-MaSNL
005 20260304175058.0
008 141112c2005 xo 0 eng
015 |a SNBCL2005/5 
035 |a SLK035194 
040 |a SLKCL  |b slo  |c SNKBUCL  |e AACR2 
041 1 |a eng  |a slo 
044 |a xo  |c SK 
080 |a 616.3-009.7-053.7:618.3:061.3  |2 1981 
245 0 0 |a Čo sa môže skrývať za bolesťami brucha?  |c K. Gombošová ... [et al.] 
246 1 0 |a What can be hidden behind abdominal pain? 
650 0 7 |a abdominalgia  |x komplikácie  |2 MESH  |9 1507093 
650 0 7 |a diferenciálna diagnostika  |2 MESH  |9 69886 
650 0 7 |a tehotenstvo  |2 MESH  |9 2477 
650 0 7 |a adolescenti  |2 MESH  |9 4892 
650 0 7 |a etnológia  |2 MESH  |9 715 
650 0 7 |a faktory sociálno-ekonomické  |2 MESH  |9 619791 
650 0 7 |a kazuistika  |2 MESH  |9 19523 
650 0 7 |a abstrakty z kongresu  |2 MESH  |9 168204 
700 1 |a Gombošová, Katarína,  |d 1979-  |4 aut  |9 218601 
700 1 |a Stanková, S.  |4 aut  |9 1055308 
700 1 |a Kaletová, V.  |4 aut  |9 1055307 
700 1 |a Dologová, M.  |4 aut  |9 846518 
700 1 |a Danková, E.  |4 aut  |9 1073993 
700 1 |a Bálintová, E.  |4 aut  |9 855408 
700 1 |a Kuchta, Milan,  |d 1956-  |4 aut  |9 188678 
711 2 |a Slovenský pediatrický kongres  |n (5. :  |d 2005 :  |c Bratislava, Slovensko)  |4 aut  |9 171695 
773 0 |t Česko-slovenská pediatrie  |g Roč. 60, č. 8-9 (2005), s. 478  |x 0069-2328 
850 |a Slovenská lekárska knižnica v Bratislave  |a BA006 
852 |a BA006  |b KIS3GCP  |b 000500000 
999 |c 3011921  |d 3013851